000 00528nam a2200169Ia 4500
008 230925s9999||||xx |||||||||||||| ||und||
082 _a621.11 KHA
100 _aKhan, Laraib Aamir (359449)
_9118258
245 0 _aNovel Transition Metal Loaded Catalyst from Waste Biomass for Optimized Biodiesel Production /
260 _bUSPCAS-E, NUST,Islamabad :
_c2023
300 _axv, 69 p.
520 _aTH-478
650 _vMS Thesis
_918721
650 _vMS-ESE Thesis
700 _aDr. Rabia Liaquat
_928881
942 _cTHE
_2ddc
999 _c603225
_d603225